elementos de muestreo./ Richard L.Scheaffer (Registro nro. 25571)
[ vista simple ]
| 000 -LÍDER | |
|---|---|
| fixed length control field | 00357nam a2200133 4500 |
| 020 ## - NÚMERO INTERNACIONAL NORMALIZADO PARA LIBROS | |
| ISBN | 968-7270-20-9 |
| 082 ## - NUMERO DE CLASIFICACION DECIMAL DEWEY | |
| Número de Clasificación | 519.52 s747e |
| 100 ## - ASIENTO PRINCIPAL--NOMBRE PERSONAL | |
| Nombre personal | Scheaffer Richard L. |
| 245 ## - TÍTULO | |
| Título | elementos de muestreo./ Richard L.Scheaffer |
| 260 ## - PUBLICACIÓN, DISTRIBUCIÓN, ETC. (PIE DE IMPRENTA) | |
| Lugar de publicación, distribución, etc. | Mexico:Iberoamericana. |
| 300 ## - DESCRIPCIÓN FÍSICA | |
| Extensión | 321p./30cm. |
| 650 ## - ASIENTO SECUNDARIO DE MATERIA - TERMINO TEMÁTICO | |
| Término temático o nombre geográfico como elemento de entrada | 1.ELEMENTOS DE MUESTREO. |
| 700 ## - ASIENTO SECUNDARIO - NOMBRE PERSONAL | |
| Nombre personal | I.Mendenhall William. |
| No. biblioteca | No. biblioteca | Número de clasificación | Código de barras/Número de adquisición | Número de copia | Tipo de material |
|---|---|---|---|---|---|
| LUIS G. INCLAN | LUIS G. INCLAN | 519.52 s747e | 25087 | 15 | Libros |
